D. H. Lawrence : myth and metaphysic in The rainbow and Women in love /

Bibliographic Details
Main Author: Whelan, Peter, 1931-2014
Format: Book
Language:English
Published: Ann Arbor, MI : UMI Research Press, [1988]
Series:Studies in modern literature ; no. 88.
Subjects:

MARC

Tag First Indicator Second Indicator Subfields
LEADER 00000cam a2200000 a 4500
001 in00000030113
005 20151007060206.0
008 880104s1988 miua b 00110 eng
010 |a  87038098  
020 |a 0835718530 (alk. paper) 
035 |a (OCoLC)17354132 
035 |9 AAC0261AM 
040 |a DLC  |c DLC  |d TXA  |d UtOrBLW 
049 |a TXAM  |c [A11087850] 
050 0 0 |a PR6023.A93  |b R338 1988 
082 0 |a 823/.912  |2 19 
100 1 |a Whelan, Peter,  |d 1931-2014. 
245 1 0 |a D. H. Lawrence :  |b myth and metaphysic in The rainbow and Women in love /  |c by P.T. Whelan. 
264 1 |a Ann Arbor, MI :  |b UMI Research Press,  |c [1988] 
264 4 |c ©1988 
300 |a viii, 220 pages :  |b illustrations ;  |c 23 cm. 
336 |a text  |b txt  |2 rdacontent 
337 |a unmediated  |b n  |2 rdamedia 
338 |a volume  |b nc  |2 rdacarrier 
490 1 |a Studies in modern literature ;  |v no. 88 
504 |a Bibliography: pages [185]-213. 
500 |a Includes index. 
600 1 0 |a Lawrence, D. H.  |q (David Herbert),  |d 1885-1930.  |t Rainbow. 
600 1 0 |a Lawrence, D. H.  |q (David Herbert),  |d 1885-1930.  |t Women in love. 
650 0 |a Myth in literature. 
650 0 |a Metaphysics in literature. 
650 0 |a Archetype (Psychology) in literature. 
830 0 |a Studies in modern literature ;  |v no. 88. 
999 |a MARS 
999 f f |s 5999aa4c-c656-3fed-a6b9-de0184710e9b  |i cc4b4979-d08c-3b66-ac26-343b6ee997ed  |t 0 
952 f f |p normal  |a Texas A&M University  |b College Station  |c Sterling C. Evans Library  |d Evans: Library Stacks  |t 0  |e PR6023.A93 R338 1988  |h Library of Congress classification  |i unmediated -- volume  |m A14811087850 
998 f f |a PR6023.A93 R338 1988  |t 0  |l Evans: Library Stacks